Statistics for Famous People with HIV/AIDS

Click here to take the quiz!

General Stats

  • This quiz has been taken 370 times
    (60 since last reset)
  • The average score is 6 of 15

Answer Stats

LifeHintPerson% Correct
1946-1991Singer of QueenFreddie Mercury
91%
1965-Star of Platoon and Two and a Half MenCharlie Sheen
67%
1920-1992Science fiction author of Foundation and I, RobotIsaac Asimov
56%
1959-Basketball player for the LakersMagic Johnson
56%
1919-1987American pianist, child prodigy, "Mr. Showmanship"Liberace
44%
1943-1993Tennis player who won three Grand Slam titlesArthur Ashe
42%
1932-1992Psycho actorAnthony Perkins
36%
1925-1985Pillow Talk actorRock Hudson
35%
1941-1990Creedence Clearwater guitarist (John's brother)Tom Fogerty
31%
1960-American Olympic diverGreg Louganis
27%
1964-1995The Godfather of Gangsta RapEazy-E
25%
1949-2011Jazz poet of "The Revolution Will Not Be Televised"Gil Scott-Heron
18%
1971-1990National poster child for HIV/AIDS in the USRyan White
15%
1944–1988Well-endowed pornographic actor; inspired Boogie NightsJohn Holmes
13%
1932-1992Patriarch of the Brady BunchRobert Reed
11%

Score Distribution

Percentile by Number Answered

Percent of People with Each Score

Your Score History

You have not taken this quiz since the last reset